<?xml version="1.0" encoding="UTF-8"?>
<record
    xmlns:xsi="http://www.w3.org/2001/XMLSchema-instance"
    xsi:schemaLocation="http://www.loc.gov/MARC21/slim http://www.loc.gov/standards/marcxml/schema/MARC21slim.xsd"
    xmlns="http://www.loc.gov/MARC21/slim">

  <leader>00531nam a22001817a 4500</leader>
  <datafield tag="999" ind1=" " ind2=" ">
    <subfield code="c">11136</subfield>
    <subfield code="d">11136</subfield>
  </datafield>
  <controlfield tag="003">OSt</controlfield>
  <controlfield tag="008">220413b           ||||| |||| 00| 0 eng d</controlfield>
  <datafield tag="020" ind1=" " ind2=" ">
    <subfield code="a">9788123910383</subfield>
  </datafield>
  <datafield tag="082" ind1=" " ind2=" ">
    <subfield code="a">677 GOT</subfield>
  </datafield>
  <datafield tag="100" ind1=" " ind2=" ">
    <subfield code="a">GOHI, E.P.G. </subfield>
  </datafield>
  <datafield tag="245" ind1=" " ind2=" ">
    <subfield code="a">Textile science : An Explanation of Fiber Properties</subfield>
  </datafield>
  <datafield tag="250" ind1=" " ind2=" ">
    <subfield code="a">2nd Ed.</subfield>
  </datafield>
  <datafield tag="260" ind1=" " ind2=" ">
    <subfield code="a">New Delhi</subfield>
    <subfield code="b">CBS Publishers &amp; Distributors Pvt. Ltd.</subfield>
    <subfield code="c">2005</subfield>
  </datafield>
  <datafield tag="300" ind1=" " ind2=" ">
    <subfield code="a">MISC</subfield>
  </datafield>
  <datafield tag="650" ind1=" " ind2=" ">
    <subfield code="a">Textile Science : An Explanation of Fiber Properties B. F.A.D</subfield>
  </datafield>
  <datafield tag="700" ind1=" " ind2=" ">
    <subfield code="a">VILENSKY, L.D.</subfield>
  </datafield>
  <datafield tag="942" ind1=" " ind2=" ">
    <subfield code="2">ddc</subfield>
    <subfield code="c">BK</subfield>
    <subfield code="0">3</subfield>
  </datafield>
  <datafield tag="952" ind1=" " ind2=" ">
    <subfield code="0">0</subfield>
    <subfield code="1">0</subfield>
    <subfield code="2">ddc</subfield>
    <subfield code="4">0</subfield>
    <subfield code="7">0</subfield>
    <subfield code="8">BFAD</subfield>
    <subfield code="a">PIETNCR</subfield>
    <subfield code="b">PIETNCR</subfield>
    <subfield code="d">2022-04-01</subfield>
    <subfield code="e">Kirti Prakashan</subfield>
    <subfield code="f">Indian Rup</subfield>
    <subfield code="g">595.00</subfield>
    <subfield code="k">IN4</subfield>
    <subfield code="l">2</subfield>
    <subfield code="o">677 GOT</subfield>
    <subfield code="p">N2128</subfield>
    <subfield code="r">2025-12-19 00:00:00</subfield>
    <subfield code="s">2025-11-24</subfield>
    <subfield code="v">386.75</subfield>
    <subfield code="w">2022-04-01</subfield>
    <subfield code="y">BK</subfield>
  </datafield>
  <datafield tag="952" ind1=" " ind2=" ">
    <subfield code="0">0</subfield>
    <subfield code="1">0</subfield>
    <subfield code="2">ddc</subfield>
    <subfield code="4">0</subfield>
    <subfield code="7">1</subfield>
    <subfield code="8">BFAD</subfield>
    <subfield code="a">PIETNCR</subfield>
    <subfield code="b">PIETNCR</subfield>
    <subfield code="d">2022-04-01</subfield>
    <subfield code="e">Kirti Prakashan</subfield>
    <subfield code="f">Indian Rup</subfield>
    <subfield code="g">595.00</subfield>
    <subfield code="k">IN4</subfield>
    <subfield code="l">0</subfield>
    <subfield code="o">677 GOT</subfield>
    <subfield code="p">N2129</subfield>
    <subfield code="r">2022-04-13 00:00:00</subfield>
    <subfield code="v">386.75</subfield>
    <subfield code="w">2022-04-01</subfield>
    <subfield code="y">BK</subfield>
  </datafield>
  <datafield tag="952" ind1=" " ind2=" ">
    <subfield code="0">0</subfield>
    <subfield code="1">0</subfield>
    <subfield code="2">ddc</subfield>
    <subfield code="4">0</subfield>
    <subfield code="7">0</subfield>
    <subfield code="8">BFAD</subfield>
    <subfield code="a">PIETNCR</subfield>
    <subfield code="b">PIETNCR</subfield>
    <subfield code="d">2022-04-01</subfield>
    <subfield code="e">Kirti Prakashan</subfield>
    <subfield code="f">Indian Rup</subfield>
    <subfield code="g">595.00</subfield>
    <subfield code="k">IN4</subfield>
    <subfield code="l">0</subfield>
    <subfield code="o">677 GOT</subfield>
    <subfield code="p">N2130</subfield>
    <subfield code="r">2022-04-13 00:00:00</subfield>
    <subfield code="v">386.75</subfield>
    <subfield code="w">2022-04-01</subfield>
    <subfield code="y">BK</subfield>
  </datafield>
  <datafield tag="952" ind1=" " ind2=" ">
    <subfield code="0">0</subfield>
    <subfield code="1">0</subfield>
    <subfield code="2">ddc</subfield>
    <subfield code="4">0</subfield>
    <subfield code="7">0</subfield>
    <subfield code="8">BFAD</subfield>
    <subfield code="a">PIETNCR</subfield>
    <subfield code="b">PIETNCR</subfield>
    <subfield code="d">2022-04-01</subfield>
    <subfield code="e">Kirti Prakashan</subfield>
    <subfield code="f">Indian Rup</subfield>
    <subfield code="g">595.00</subfield>
    <subfield code="k">IN4</subfield>
    <subfield code="l">3</subfield>
    <subfield code="o">677 GOT</subfield>
    <subfield code="p">N2131</subfield>
    <subfield code="r">2026-05-23 11:03:08</subfield>
    <subfield code="s">2026-05-07</subfield>
    <subfield code="v">386.75</subfield>
    <subfield code="w">2022-04-01</subfield>
    <subfield code="y">BK</subfield>
  </datafield>
  <datafield tag="952" ind1=" " ind2=" ">
    <subfield code="0">0</subfield>
    <subfield code="1">0</subfield>
    <subfield code="2">ddc</subfield>
    <subfield code="4">0</subfield>
    <subfield code="7">0</subfield>
    <subfield code="8">BFAD</subfield>
    <subfield code="a">PIETNCR</subfield>
    <subfield code="b">PIETNCR</subfield>
    <subfield code="d">2022-04-01</subfield>
    <subfield code="e">Kirti Prakashan</subfield>
    <subfield code="f">Indian Rup</subfield>
    <subfield code="g">595.00</subfield>
    <subfield code="k">IN4</subfield>
    <subfield code="l">2</subfield>
    <subfield code="o">677 GOT</subfield>
    <subfield code="p">N2132</subfield>
    <subfield code="r">2025-12-19 00:00:00</subfield>
    <subfield code="s">2025-11-24</subfield>
    <subfield code="v">386.75</subfield>
    <subfield code="w">2022-04-01</subfield>
    <subfield code="y">BK</subfield>
  </datafield>
  <datafield tag="952" ind1=" " ind2=" ">
    <subfield code="0">0</subfield>
    <subfield code="1">0</subfield>
    <subfield code="2">ddc</subfield>
    <subfield code="4">0</subfield>
    <subfield code="7">0</subfield>
    <subfield code="8">BFAD</subfield>
    <subfield code="a">PIETNCR</subfield>
    <subfield code="b">PIETNCR</subfield>
    <subfield code="d">2022-04-01</subfield>
    <subfield code="e">Kirti Prakashan</subfield>
    <subfield code="f">Indian Rup</subfield>
    <subfield code="g">595.00</subfield>
    <subfield code="k">IN4</subfield>
    <subfield code="l">0</subfield>
    <subfield code="o">677 GOT</subfield>
    <subfield code="p">N2133</subfield>
    <subfield code="r">2022-04-13 00:00:00</subfield>
    <subfield code="v">386.75</subfield>
    <subfield code="w">2022-04-01</subfield>
    <subfield code="y">BK</subfield>
  </datafield>
  <datafield tag="952" ind1=" " ind2=" ">
    <subfield code="0">0</subfield>
    <subfield code="1">0</subfield>
    <subfield code="2">ddc</subfield>
    <subfield code="4">0</subfield>
    <subfield code="7">0</subfield>
    <subfield code="8">BFAD</subfield>
    <subfield code="a">PIETNCR</subfield>
    <subfield code="b">PIETNCR</subfield>
    <subfield code="d">2022-04-01</subfield>
    <subfield code="e">Kirti Prakashan</subfield>
    <subfield code="f">Indian Rup</subfield>
    <subfield code="g">595.00</subfield>
    <subfield code="k">IN4</subfield>
    <subfield code="l">1</subfield>
    <subfield code="o">677 GOT</subfield>
    <subfield code="p">N2134</subfield>
    <subfield code="r">2023-06-12 00:00:00</subfield>
    <subfield code="s">2023-05-20</subfield>
    <subfield code="v">386.75</subfield>
    <subfield code="w">2022-04-01</subfield>
    <subfield code="y">BK</subfield>
  </datafield>
  <datafield tag="952" ind1=" " ind2=" ">
    <subfield code="0">0</subfield>
    <subfield code="1">0</subfield>
    <subfield code="2">ddc</subfield>
    <subfield code="4">0</subfield>
    <subfield code="7">0</subfield>
    <subfield code="8">BFAD</subfield>
    <subfield code="a">PIETNCR</subfield>
    <subfield code="b">PIETNCR</subfield>
    <subfield code="d">2022-04-01</subfield>
    <subfield code="e">Kirti Prakashan</subfield>
    <subfield code="f">Indian Rup</subfield>
    <subfield code="g">595.00</subfield>
    <subfield code="k">IN4</subfield>
    <subfield code="l">1</subfield>
    <subfield code="o">677 GOT</subfield>
    <subfield code="p">N2135</subfield>
    <subfield code="r">2026-01-12 00:00:00</subfield>
    <subfield code="s">2025-11-24</subfield>
    <subfield code="v">386.75</subfield>
    <subfield code="w">2022-04-01</subfield>
    <subfield code="y">BK</subfield>
  </datafield>
  <datafield tag="952" ind1=" " ind2=" ">
    <subfield code="0">0</subfield>
    <subfield code="1">0</subfield>
    <subfield code="2">ddc</subfield>
    <subfield code="4">0</subfield>
    <subfield code="7">0</subfield>
    <subfield code="8">BFAD</subfield>
    <subfield code="a">PIETNCR</subfield>
    <subfield code="b">PIETNCR</subfield>
    <subfield code="d">2022-04-01</subfield>
    <subfield code="e">Kirti Prakashan</subfield>
    <subfield code="f">Indian Rup</subfield>
    <subfield code="g">595.00</subfield>
    <subfield code="k">IN4</subfield>
    <subfield code="l">1</subfield>
    <subfield code="o">677 GOT</subfield>
    <subfield code="p">N2136</subfield>
    <subfield code="r">2024-11-18 00:00:00</subfield>
    <subfield code="s">2024-11-12</subfield>
    <subfield code="v">386.75</subfield>
    <subfield code="w">2022-04-01</subfield>
    <subfield code="y">BK</subfield>
  </datafield>
  <datafield tag="952" ind1=" " ind2=" ">
    <subfield code="0">0</subfield>
    <subfield code="1">0</subfield>
    <subfield code="2">ddc</subfield>
    <subfield code="4">0</subfield>
    <subfield code="7">0</subfield>
    <subfield code="8">BFAD</subfield>
    <subfield code="a">PIETNCR</subfield>
    <subfield code="b">PIETNCR</subfield>
    <subfield code="d">2022-04-01</subfield>
    <subfield code="e">Kirti Prakashan</subfield>
    <subfield code="f">Indian Rup</subfield>
    <subfield code="g">595.00</subfield>
    <subfield code="k">IN4</subfield>
    <subfield code="l">1</subfield>
    <subfield code="o">677 GOT</subfield>
    <subfield code="p">N2137</subfield>
    <subfield code="r">2022-05-31 00:00:00</subfield>
    <subfield code="s">2022-04-22</subfield>
    <subfield code="v">386.75</subfield>
    <subfield code="w">2022-04-01</subfield>
    <subfield code="y">BK</subfield>
  </datafield>
</record>
